000 01329nam a2200325 a 4500
001 000002926
003 DO-SdBNP
005 20250421103629.0
008 090706s1985 dr 000 0 spa d
040 _aDO-SdBNP
_bspa
_cBNPHU
082 _a338.187293
_bC118p
100 1 _aCáceres, Mario,
_d1938-
_99296
245 1 0 _aPolítica económica y agropecuaria :
_blas prioridades nacionales /
_cMario Cáceres ; prólogo Rafael Herrera.
260 _aSantiago, República Dominicana :
_bUniversidad Católica Madre y Maestra,
_c1985.
300 _a360 p ;
_c22cm.
490 1 _aDocumentos ;
_v110
500 _a"Artículos aparecidos en el Listín Diario". -- Primera página.
500 _aIncluye datos biográficos
590 _aInventariado,2018/DG
650 0 _aAgricultura y estado
_zRepública Dominicana
_936241
650 4 _aAgricultura
_xAspectos económicos
_zRepública Dominicana
_91508
650 4 _aReforma agraria
_xRepública Dominicana
_99298
650 0 _aPolítica económica
_984931
651 4 _aRepública Dominicana
_xPolítica económica
_9643
700 1 2 _aHerrera, Rafael.
_98495
730 1 _aListín diario (República Dominicana)
_91199
830 0 _aColección Documentos (Universidad Católica Madre y Maestra) ;
_n110
_99300
910 _aValidado. Control de calidad. MFF
942 _2ddc
_cLBS1
999 _c2759
_d2759